00673nam a2200217Ia 450000500170000000800410001702000230005804000190008104100120010008200170011210000220012924500480015125000760019926000370027530000100031263000400032263000170036265000410037965100240042085000110044420240105121150.0131103s9999 xx 000 0 und d a8126017880cRs 150 aLoreto College aEnglish a894.811bSUB aSubramanian, A.V. aSrngarapadyavali, b cBy A.V. Subramanian aVerse translation in Sanskrit and English of Sangam classic Kuruntokai  aNew DelhibSahitya Akademic2003 a226p  aEnglish translation of Tamil Poetry aTamil Poetry aSanskrit translation of Tamil Poetry aLiterature in Tamil aLCLIB